000 00572nam a2200217Ia 4500
999 _c99838
_d99838
003 0100
005 20170927124214.0
008 130307s9999 xx 000 0 und d
020 _a0881332224
040 _cARRUPELIB
050 _aGN315.K3
100 _aKaplan, David, 1929-
_936444
245 _aCulture theory
260 _bWaveland Press
_aProspect Heights, Ill. :
_c1986, c1972.
300 _axii
300 _b212 p. : ill. 23 cm.
650 _bEthnology
_9128
700 _aManners, Robert A. (Robert Alan), 1913-
_936445
942 _2lcc
_cMONOGRAPH